000 00861nam a2200253 i 4500
001 000028501
003 DO-SdBNP
005 20240515153413.0
007 ta
008 110408s2005 dr ac 000 0 spa d
040 _aDO-SdBNP
_bspa
_cBNPHU
_erda
049 _aBNPD
082 _bC111b
_222
245 0 0 _aBiografía de Francisco Alberto Caamaño Deñó /
_ccompilador, Francis Caamaño ; cuidado de la edición, Tomás Castro Burdiez.
264 _aSanto Domingo :
_bEDUCARTE,
_c2005.
300 _a15 páginas :
_bilustraciones, retratos ;
_c21 cm.
336 _2rdacontent
_atexto
_btxt
337 _2rdamedia
_asin mediación
_bn
338 _2rdacarrier
_avolumen
_bnc
590 _aInventariado, 2024/BT
700 1 _aCaamaño, Francis,
_ecompilador
_955468
700 1 _aCastro Burdiez , Tomás,
_d1959-
_ecuidado de edición
_924641
942 _2ddc
_cLF2
999 _c27993
_d27993